000
00248nam a2200097Ia 4500
001
767932
005
20250826165409.0
008
250824s9999 xx 000 0 und d
245
0
_a
OSMANLI TARİHİ
_c
ZEHRA AYDÜZ
260
_b
UĞUR BÖCEĞİ YAYINLARI
999
_c
767932
_d
767932